00868nam a2200265 a 450000100060000000300080000600500170001400800410003102000160007203500200008804000320010804100080014008200240014824500490017226000400022130000210026150000190028265000300030165000440033170000290037585600430040494200120044799900170045995201260047649788BD-RjUL20211209054729.0160822s1978 enk b 001 0 eng  a0803910479. a(BD-RjUL) 49908 aDLCcDLCdDLCdBD-RjULbeng aeng00a364.4223bPRE 197800aPreventing crime /cJames A. Cramer, editor. aLondon :bSage Publications,cc1978 a255 p. ;c22 cm. aIncludes index 0aCrime prevention.9149244 0aPunishment in crime deterrence.91492451 aCramer, James A.9149246 3Sage criminal justice system annuals ; 2ddccBK c49788d49788 00102ddc40708NFICaRUCLbRUCLcStackd1991-04-22eCanadal0o364.4 PRE 1978r2016-08-22 00:00:00tC-2w2016-08-22yBK